000 00390nam a2200157Ia 4500
008 240729s9999 xx 000 0 und d
022 _a2036-4121
245 0 _aJournal of Osseointegration
260 _aItaly
260 _bAriesdue
650 _a Dentistry
650 _aMedicine
856 _uhttps://doaj.org/toc/5ed457d69cd04bceb3039e2c3bc6ba2f
942 _2ddc
942 _cDOAJEJ
999 _c68984
_d68984
945 _a1
_bMadushi Gamage
_c1
_dMadushi Gamage